Normal view
MARC view
- 1900-2099
Entry Chronological Term
001 - CONTROL NUMBER
- control field: 120873
003 - CONTROL NUMBER IDENTIFIER
- control field: NUST
005 - DATE AND TIME OF LATEST TRANSACTION
- control field: 20240220152832.0
008 - FIXED-LENGTH DATA ELEMENTS
- fixed length control field: 240220|| aca||aabn | a|a d
040 ## - CATALOGING SOURCE
- Original cataloging agency: NUST
- Transcribing agency: NUST
148 ## - HEADING--CHRONOLOGICAL TERM
- Chronological term: 1900-2099
670 ## - SOURCE DATA FOUND
- Source citation: Work cat.: (NUST): Zaha Hadid Architects, author. 120871, Zaha Hadid Architects :, 2017.
